000 00715nam a22002417a 4500
003 UA-OsUOA
001 123869
007 ta
008 20170717b un ||||| |||| 00| 0 ukr d
090 _a2(091)(477)
_bІ-99
942 _cBK
040 _aUA-OsUOA
_bukr
_cUA-OsUOA
_dUA-OsUOA
245 _aІсторія релігій в Україні
_bнауковий щорічник
_cза заг. ред. М. Капраля, О. Киричук, І. Орлевич
300 _a540 с.
955 _a1
041 _aukr
080 _a2(091)(477)
260 _aЛьвів
_bЛогос
_c2017
246 3 1 _aЧ. 2
_n
250 _nВип. 27
650 7 _a2 Релігія. Теологія.
_2UDC
999 _c411044
_d411044